000 00793cam a22002051 4500
082 _a624.17723
_bSHE
_cL-19, P-53.
100 1 _aShepley, Eric.
_943044
245 1 0 _aContinuous beam structures;
_ba degree of fixity method and the method of moment distribution,
_cby Eric Shepley ...
250 _a2ND. ED
260 _aLondon,
_bConcrete publications limited
_c[1962]
300 _ax, 113 p.
_bincl. front. diagrs. (1 fold.)
_c25 cm.
490 0 _aConcrete series
500 _a"Reprinted from ʻConcrete and constructional engineering' with additional chapters and examples."
526 _a0
_b0
_c0
_d624_177230000000000_SHE
526 _a0
_b0
_c0
_d624_177230000000000_SHE
650 0 _aGirders.
_925190
650 0 _aMCE
_9379
650 0 _aReinforced concrete.
_940928
942 _2ddc
_cBK
999 _c546845
_d546845